Applied chemistry-II / (Record no. 39950)

MARC details
000 -LEADER
fixed length control field 00672nam a22002057a 4500
005 - DATE AND TIME OF LATEST TRANSACTION
control field 20100807102016.0
010 ## - LCCN (DPL NO)
LC control number ENG-98778
020 ## - INTERNATIONAL STANDARD BOOK NUMBER
International Standard Book Number 9788190630160
Terms of availability 100.00
035 ## - SYSTEM CONTROL NUMBER
System control number EN-82310
037 ## - SOURCE OF ACQUISITION
Source of stock number/acquisition DBAD/PUB
082 ## - DEWEY DECIMAL CLASSIFICATION NUMBER
Classification number 660
100 ## - MAIN ENTRY--PERSONAL NAME
Personal name Elengovan, K.
245 ## - TITLE STATEMENT
Title Applied chemistry-II /
Statement of responsibility, etc by K. Elengovan
260 ## - PUBLICATION, DISTRIBUTION, ETC. (IMPRINT)
Place of publication, distribution, etc Karaikudi
Name of publisher, distributor, etc National Pathippaham
Date of publication, distribution, etc 1994
270 ## - ADDRESS
Address 19,Church Fourth Street,T.T Nagar
City Karaikudi
Postal code 630001
300 ## - PHYSICAL DESCRIPTION
Extent 476p.:
Other physical details ill.
Dimensions 23cm (pbk)
650 ## - SUBJECT ADDED ENTRY--TOPICAL TERM
Topical term or geographic name as entry element Chemistry
942 ## - ADDED ENTRY ELEMENTS (KOHA)
Source of classification or shelving scheme Dewey Decimal Classification
Item type English Books
Classification part 660
Call number suffix ELA
Holdings
Withdrawn status Lost status Not for loan Collection code Home library Current library Date acquired Source of acquisition Cost, normal purchase price Full call number Barcode Copy number Cost, replacement price Koha item type
    Not For Loan Non-fiction D.B.Act.Division D.B.Act.Division 07/08/2010 DBAD/PUB 100.00 660 ELA EN-82310 1 100.00 English Books

© Delhi Public Library
Hit Counter
free hit counter